Normal view
MARC view
- SYSTEM ANALYSIS CONTROL THEORY PERTURBATIONS STABILITY
Entry Topical Term
001 - CONTROL NUMBER
- control field: 67131
003 - CONTROL NUMBER IDENTIFIER
- control field: NUST
005 - DATE AND TIME OF LATEST TRANSACTION
- control field: 20210628203740.0
008 - FIXED-LENGTH DATA ELEMENTS
- fixed length control field: 210628|| aca||aabn | a|a d
040 ## - CATALOGING SOURCE
- Original cataloging agency: NUST
- Transcribing agency: NUST
150 ## - HEADING--TOPICAL TERM
- Topical term or geographic name entry element: SYSTEM ANALYSIS CONTROL THEORY PERTURBATIONS STABILITY
670 ## - SOURCE DATA FOUND
- Source citation: Work cat.: (NUST): KOKOTOVIC, P. V, KHALID, H. K 67130, SINGULAR PERTURBATIONS IN SYSTEMS AND CONTROL, 1986
